000 00412nam a22001577a 4500
005 20240108142610.0
008 190528b xxu||||| |||| 00| 0 eng d
020 _a978-93-80064-69-7
041 _aeng
100 _aVYAWAHARE, DR. N.S. AND VORA, MS. SALONI
_94974
245 _aA TEXTBOOK OF GENERAL PHARMACOLOGY
250 _a5th, Ed.. 2018
260 _aPUNE
_bNIRALI PRAKASHAN
300 _aG.7
942 _cBK
999 _c5862
_d5860